000 00829nam a22002057a 4500
003 OSt
005 20250910092226.0
008 240226b ||||| |||| 00| 0 eng d
040 _c0
082 _aDPer 621.317 Ie21 June 2022 v. 37 n. 6
100 _aTian, Hao.
_eauthor.
_953333
245 _aBoosting nine-level operation of seven-level hybrid-clamped (7L-HC) converter /
_cHao Tian, Li Ding, and Yun Wei Li.
260 _aNew York ;
_bThe Institute of Electrical and Electronics Engineers, Inc. ,
_cJune 2022.
300 _avolume 37, pages 6265-6270 :
_billustration ;
_c29 cm.
500 _aIEEE Transactions on Power Electronics, vol. 37, no. 6, pages 6265-6270, June 2022.
700 _aTian, Hao.
_eauthor.
_953333
700 _aDing, Li.
_eauthor.
_953334
700 _aLi, Yun Wei.
_eauthor.
_953335
942 _2ddc
_cPER
999 _c19356
_d19356